[Event "New York Marshall CC 05"]
[Site "New York"]
[Date "2025.05.04"]
[Round "4"]
[White "Schaefer, Sasha Milo"]
[Black "Ayyappan, Santhosh"]
[Result "1-0"]
[WhiteElo "2004"]
[BlackElo "2074"]
[PlyCount "113"]
[EventDate "2025.05.03"]
[EventType "swiss"]
[EventRounds "5"]
[EventCountry "USA"]
[SourceTitle "CB19_2025"]
[SourceDate "2025.05.07"]
[SourceVersion "1"]
[SourceVersionDate "2025.05.07"]
[SourceQuality "1"]

1. d4 d5 2. c4 dxc4 3. Nf3 Nf6 4. e3 e6 5. Bxc4 a6 6. Nc3 b5 7. Bd3 Bb7 8. a3 c5 9. 0-0 c4 10. Be2 Nbd7 11. b3 cxb3 12. Qxb3 Bd6 13. Bb2 0-0 14. Rfd1 Rb8 15. Nd2 Nd5 16. e4 Nf4 17. Bf1 Qg5 18. g3 h5 19. Ne2 Qg4 20. f3 Qg6 21. e5 Nxe2+ 22. Bxe2 Bc7 23. Bd3 Qh6 24. Be4 Bb6 25. Kg2 Ba5 26. Bxb7 Rxb7 27. Ne4 Nb6 28. Rac1 Nd5 29. f4 Qg6 30. Qf3 Rfb8 31. Rc6 Ra7 32. Rdc1 Ne7 33. R6c2 Rd7 34. Nd6 Bb6 35. h3 Rbd8 36. Kf1 Nf5 37. Nxf5 Qxf5 38. g4 Qh7 39. Rd2 Rd5 40. Rcd1 a5 41. f5 Qh6 42. Bc3 Qg5 43. gxh5 Qxf5 44. Qxf5 exf5 45. Kg2 Kf8 46. Kf3 Ke7 47. Bb2 Rh8 48. Rc2 Rxh5 49. Kg3 Rh8 50. Rc6 Rb8 51. Kf4 g6 52. h4 Bd8 53. h5 Rb6 54. Rdc1 gxh5 55. Kxf5 Kd7 56. Rxb6 Bxb6 57. Ke4 1-0

[Event "New York Marshall CC 05"]
[Site "New York"]
[Date "2025.05.03"]
[Round "1"]
[White "Yu, Vincent Zhiwen"]
[Black "Ayyappan, Santhosh"]
[Result "0-1"]
[WhiteElo "1925"]
[BlackElo "2074"]
[PlyCount "74"]
[EventDate "2025.05.03"]
[EventType "swiss"]
[EventRounds "5"]
[EventCountry "USA"]
[SourceTitle "CB19_2025"]
[SourceDate "2025.05.07"]
[SourceVersion "1"]
[SourceVersionDate "2025.05.07"]
[SourceQuality "1"]

1. e4 e5 2. Nf3 Nc6 3. d4 exd4 4. Nxd4 Nf6 5. Nxc6 bxc6 6. e5 Qe7 7. Qe2 Nd5 8. h4 d6 9. c4 Nb6 10. exd6 cxd6 11. Be3 Ba6 12. Qc2 Bb7 13. Nd2 0-0-0 14. 0-0-0 c5 15. a4 g6 16. a5 Nd7 17. Rh3 Ne5 18. Ne4 Bg7 19. Nc3 Ng4 20. Nd5 Qd7 21. b4 Nxe3 22. fxe3 cxb4 23. Nxb4 Qe6 24. a6 Be4 25. Bd3 Bxd3 26. Rxd3 Qe4 27. c5 d5 28. Nc6 Rd7 29. Nd4 Be5 30. c6 Re7 31. Rf3 f5 32. Qb3 f4 33. g3 fxg3 34. Rc3 Bxd4 35. exd4 g2 36. Qd1 Qe1 37. Rg3 g1Q 0-1

[Event "New York Marshall op"]
[Site "New York"]
[Date "2024.10.06"]
[Round "3"]
[White "Ayyappan, Santhosh"]
[Black "Yue, Tariq"]
[Result "1-0"]
[WhiteElo "1933"]
[BlackElo "1941"]
[PlyCount "33"]
[EventDate "2024.10.05"]
[EventType "swiss"]
[EventRounds "5"]
[EventCountry "USA"]
[SourceTitle "CB45_2024"]
[Source "ChessBase"]
[SourceDate "2024.11.06"]
[SourceVersion "1"]
[SourceVersionDate "2024.11.06"]
[SourceQuality "1"]

1. e4 e5 2. Nf3 Nc6 3. Bc4 Nf6 4. d3 h6 5. c3 d6 6. a4 a5 7. h3 g5 8. Nh2 Bg7 9. Be3 0-0 10. Nd2 Ne7 11. Ng4 Nh7 12. h4 h5 13. Nh6+ Bxh6 14. Qxh5 d5 15. hxg5 Bf5 16. exf5 Nxf5 17. g4 1-0

[Event "Dulles Cherry Blossom op 11th"]
[Site "Dulles"]
[Date "2024.05.24"]
[Round "3"]
[White "Stremavicius, Titas"]
[Black "Ayyappan, Santhosh"]
[Result "1-0"]
[WhiteElo "2533"]
[BlackElo "1966"]
[PlyCount "77"]
[EventDate "2024.05.22"]
[EventType "swiss"]
[EventRounds "9"]
[EventCountry "USA"]
[SourceTitle "CBM 220 Extra"]
[Source "ChessBase"]
[SourceDate "2024.07.31"]
[SourceVersion "1"]
[SourceVersionDate "2024.07.31"]
[SourceQuality "1"]

1. Nf3 d5 2. g3 Nf6 3. Bg2 Bf5 4. c4 e6 5. Qb3 b6 6. Nc3 Be7 7. Nh4 Be4 8. Nxe4 Nxe4 9. cxd5 exd5 10. Nf5 Bf6 11. d3 Nc5 12. Qxd5 Qxd5 13. Bf3 Qe4 14. Bxe4 c6 15. Bf3 Kd7 16. Rb1 a5 17. d4 Nca6 18. 0-0 Ra7 19. Rd1 h5 20. e4 g6 21. Ne3 Rd8 22. Nc4 Kc7 23. Bf4+ Kb7 24. e5 Be7 25. d5 cxd5 26. Rxd5 Rxd5 27. Bxd5+ Nc6 28. Bxf7 g5 29. Be3 Nc5 30. Bxh5 Ra8 31. Nd6+ Bxd6 32. exd6 Rd8 33. Rd1 Ne4 34. d7 Nf6 35. Bxg5 Nxh5 36. Bxd8 Nxd8 37. Rc1 Ng7 38. Rc8 Nge6 39. f4 1-0

[Event "New York Marshall op 04"]
[Site "New York"]
[Date "2024.04.14"]
[Round "3"]
[White "Ayyappan, Santhosh"]
[Black "Muthukumar, Haari"]
[Result "0-1"]
[WhiteElo "1922"]
[BlackElo "2048"]
[PlyCount "132"]
[EventDate "2024.04.13"]
[EventType "swiss"]
[EventRounds "5"]
[EventCountry "USA"]
[SourceTitle "CBM 219 Extra"]
[Source "ChessBase"]
[SourceDate "2024.05.31"]
[SourceVersion "1"]
[SourceVersionDate "2024.05.31"]
[SourceQuality "1"]

1. d4 d5 2. c4 e6 3. Nc3 a6 4. e3 Nf6 5. Nf3 Nbd7 6. Bd3 dxc4 7. Bxc4 b5 8. Bd3 Bb7 9. 0-0 c5 10. a3 Rc8 11. Be2 Be7 12. dxc5 Bxc5 13. Nd4 0-0 14. Bf3 Bxf3 15. Nxf3 Nb6 16. b3 Qe7 17. Bb2 Rfd8 18. Qe2 Rd7 19. e4 e5 20. h3 Bd4 21. Rfc1 Qe6 22. Nd2 Rdc7 23. Qf3 Nfd7 24. Rab1 Qd6 25. Ra1 Nc5 26. Rab1 Nd3 27. Nd5 Rxc1+ 28. Bxc1 Nxd5 29. Qxd3 Nc3 30. Kf1 Nxb1 31. Qxb1 Qc5 32. Bb2 Bxf2 33. Qd3 Bd4 34. b4 Qc2 35. Qxc2 Rxc2 36. Bxd4 Rxd2 37. Bxe5 Ra2 38. Bd6 f6 39. e5 fxe5 40. Bxe5 Kf7 41. Bd4 g6 42. h4 Ke6 43. g4 h5 44. gxh5 gxh5 45. Bc5 Kf5 46. Bd6 Kg4 47. Be7 Kf3 48. Kg1 Rxa3 49. Bd8 Re3 50. Bb6 Re1+ 51. Kh2 Re4 52. Bc5 Rxh4+ 53. Kg1 Rc4 54. Be7 Rc2 55. Bf6 Kg4 56. Be7 h4 57. Kh1 h3 58. Bd6 Rb2 59. Kg1 h2+ 60. Bxh2 Rxb4 61. Bd6 Rb2 62. Be5 Rc2 63. Bd6 a5 64. Kf1 Kf3 65. Ke1 Ke3 66. Kf1 Kd3 0-1

[Event "New York Marshall op 04"]
[Site "New York"]
[Date "2024.04.13"]
[Round "1"]
[White "Ayyappan, Santhosh"]
[Black "Bortnyk, Mykola"]
[Result "1-0"]
[WhiteElo "1922"]
[BlackElo "2442"]
[PlyCount "137"]
[EventDate "2024.04.13"]
[EventType "swiss"]
[EventRounds "5"]
[EventCountry "USA"]
[SourceTitle "CBM 219 Extra"]
[Source "ChessBase"]
[SourceDate "2024.05.31"]
[SourceVersion "1"]
[SourceVersionDate "2024.05.31"]
[SourceQuality "1"]

1. d4 Nf6 2. c4 e6 3. Nc3 Bb4 4. e3 0-0 5. Bd3 d5 6. Nge2 dxc4 7. Bxc4 b6 8. a3 Be7 9. 0-0 Bb7 10. Ng3 c5 11. dxc5 Qc7 12. Be2 Qxc5 13. Bf3 Nc6 14. Qc2 Rac8 15. b4 Qg5 16. Bb2 Qh4 17. Rfd1 Rfd8 18. Qe2 Nd7 19. Nce4 Nde5 20. Nd2 Nd3 21. Bc3 Ba6 22. Bxc6 Rxc6 23. Nf3 Qh6 24. Qd2 Rdc8 25. b5 Bxb5 26. Nd4 Ba6 27. Nxc6 Rxc6 28. Bb4 Bf6 29. Ra2 Qh4 30. Rc2 Rxc2 31. Qxc2 Nxb4 32. Qa4 g6 33. Qe8+ Kg7 34. Rd7 Be7 35. Qxe7 Qxe7 36. Rxe7 Nc6 37. Rc7 Na5 38. Ne4 Nb7 39. Ng5 Nd8 40. Rd7 h6 41. Rxd8 hxg5 42. Rd7 Bc4 43. Rxa7 b5 44. Rc7 Be2 45. f3 Kf6 46. Kf2 Bd3 47. Rc3 Bc4 48. a4 Ke7 49. axb5 Bxb5 50. Rc5 Be8 51. Rxg5 f5 52. Rg3 Kf6 53. Rh3 Kg7 54. Rh4 Kf6 55. Rb4 g5 56. f4 Bc6 57. g3 g4 58. Ke2 Ke7 59. Kd3 Kf6 60. Kd4 Be4 61. Kc5 Bf3 62. Kd6 Bd5 63. Rb5 Bc4 64. Re5 Bb3 65. e4 Bc4 66. Rc5 Bb3 67. e5+ Kg6 68. Ke7 Bd5 69. Rb5 1-0

[Event "Wch U08"]
[Site "Batumi"]
[Date "2022.09.24"]
[Round "8"]
[White "Ayyappan, Santhosh"]
[Black "Khati, Tailan"]
[Result "1-0"]
[WhiteElo "1415"]
[BlackElo "1147"]
[PlyCount "66"]
[EventDate "2022.09.16"]
[EventType "swiss"]
[EventRounds "11"]
[EventCountry "GEO"]
[SourceTitle "EXT 2023"]
[Source "ChessBase"]
[SourceDate "2022.10.05"]
[SourceVersion "1"]
[SourceVersionDate "2022.10.05"]
[SourceQuality "1"]

1. d4 d5 2. c4 dxc4 3. e3 e5 4. Bxc4 exd4 5. exd4 Bb4+ 6. Nc3 Nf6 7. Nf3 0-0 8. 0-0 Bg4 9. Be3 Nbd7 10. h3 Bf5 11. Qb3 Bxc3 12. bxc3 Ne4 13. Bd5 c6 14. Bxe4 Bxe4 15. Nd2 Bd3 16. Rfe1 b6 17. c4 Bf5 18. Bf4 c5 19. d5 Qf6 20. Bg3 Rfe8 21. a4 Qg5 22. Nf3 Qf6 23. Rad1 Be4 24. Re3 Qf5 25. Rde1 Nf6 26. Nd2 Bc2 27. Qb5 Rxe3 28. Rxe3 Qh5 29. Nf3 Qf5 30. a5 bxa5 31. Qxc5 Ne4 32. Qxa5 Nxg3 33. fxg3 Bd1 1-0